Luxury brands - Statistics

General Stats
  • This quiz has been taken 209 times
  • The average score is 13 of 16
Answer Stats
Picture Answer % Correct
Chanel
99%
Gucci
98%
Louis vuitton
98%
Ferrari
94%
Rolex
93%
Porsche
90%
Bentley
89%
Hermes
89%
Tiffany
89%
Prada
82%
Lamborghini
81%
Versace
77%
Burberry
71%
Maserati
70%
polo ralph lauren
54%
American express
38%
No matching quizzes found
Score Distribution
Percent of People with Each Score
Percentile by Number Answered
Your Score History
You have not taken this quiz